The Dark Artifices Characters - Statistics

General Stats
  • This quiz has been taken 375 times
  • The average score is 14 of 15
Answer Stats
Hint Answer % Correct
Carstairs Emma
100%
Blackthorn Julian
100%
Fairchild Clary
98%
Blackthorn Mark
98%
Herondale Jace
97%
Rook/Herondale Kit
97%
Rocio-Rosales Diego
93%
Mendoaza-Rosales Cristina
92%
Wrayburn Diana
92%
Blackthorn Dru
92%
Blackthorn Tavvy
92%
Blackthorn Livia
91%
Blackthorn Tiberius
88%
Rook Johnny
80%
Blackthorn Arthur
64%
No matching quizzes found
Score Distribution
Percent of People with Each Score
Percentile by Number Answered
Your Score History
You have not taken this quiz